Rubber seed production in Sri Lanka and its possible effects on the rubber planting material (Record no. 67996)

MARC details
000 -LEADER
fixed length control field 00440nam a2200133Ia 4500
100 ## - MAIN ENTRY--AUTHOR NAME
Personal name Seneviratne Priyani
245 #0 - TITLE STATEMENT
Title Rubber seed production in Sri Lanka and its possible effects on the rubber planting material
260 ## - PUBLICATION, DISTRIBUTION, ETC. (IMPRINT)
Name of publisher Bulletin of the Rubber Research Institute of Sri Lanka
Year of publication 1997
300 ## - PHYSICAL DESCRIPTION
Number of Pages 51-54
650 ## - SUBJECT ADDED ENTRY--TOPICAL TERM
Topical Term Rubber planting material
650 ## - SUBJECT ADDED ENTRY--TOPICAL TERM
Topical Term Rubber seed
942 ## - ADDED ENTRY ELEMENTS (KOHA)
Koha item type Journals
Holdings
Withdrawn status Lost status Damaged status Not for loan Home library Current library Shelving location Date acquired Serial Enumeration / chronology Koha item type
      Journals RRII Library RRII Library Rubber general 17/12/2021 Volume 36, Issue Journals